000
00292nam a2200145Ia 4500
100
_a
Sudha Murthy
650
_a
Ficiton
942
_c
BK
366
_f
20
245
_a
The oldman and his God
260
_b
Penquin books
_a
Mumbai
_c
2006
300
_a
131
546
_a
ENGLISH
999
_c
28468
_d
28468